Come vorrei... /

সংরক্ষণ করুন:
গ্রন্থ-পঞ্জীর বিবরন
প্রধান লেখক: Pirrone, Francesca, (1962- ) (লেখক)
বিন্যাস: গ্রন্থ
ভাষা:ভাষাতাত্তিক বিষয়সূচী বহির্ভুত
প্রকাশিত: Cornaredo : La Margherita, 2023
মালা:Libri illustrati
ট্যাগগুলো: ট্যাগ যুক্ত করুন
কোনো ট্যাগ নেই, প্রথমজন হিসাবে ট্যাগ করুন!

MARC

LEADER 00000nam a22000007i 4500
001 IT\ICCU\TO1\0043119
003 ItRI
005 20260115232129.0
008 230427s2023 it |||||| ||||| |||||c
020 |a 9788865324202 
040 |b ita  |c importazione bologna sebina 
041 7 |a zxx  |2 ISO-639-2 
082 |a 853.92R  |9 NARRATIVA ITALIANA, 2000- PER RAGAZZI  |2 23 
100 1 |a Pirrone, Francesca,  |d  (1962- )  |0 IT\ICCU\LO1V\433763  |4 aut 
240 1 0 |a Come vorrei...  |3 IT\ICCU\TO1\0043120  |9 Pirrone, Francesca <1962- > 
245 1 0 |a Come vorrei... /  |c Francesca Pirrone. 
260 |a Cornaredo :  |b La Margherita,  |c 2023 
300 |a 1 volume (senza paginazione) :  |b ill. ;  |c 21x30 cm 
500 |a Silent book 
830 0 |a Libri illustrati  |0 IT\ICCU\UBO\4320700 
942 |2 ddc  |c BK  |n 0 
952 |0 0  |1 0  |4 0  |6 R_853_920000000000000_PIR  |7 0  |9 20594  |a BO  |b BO  |d 2026-01-15  |i 20410  |l 0  |o R 853.92 PIR  |p BO20410  |r 2026-01-15 23:21:29  |w 2026-01-15  |x [Sebina 5] [1 v.]  |y BK  |z 1 v. 
999 |c 17584  |d 17584